| 000 | 00463nam a2200181Ia 4500 | ||
|---|---|---|---|
| 001 | 25000 | ||
| 005 | 20260414151121.0 | ||
| 008 | 260414t2009||||xx |||||||||||||| ||spa|| | ||
| 041 | _aESP | ||
| 082 |
_a346.09 _bR29 T. 6 V. 2 |
||
| 100 |
_aRamos Núñez, Carlos _eAUT |
||
| 245 | 0 |
_aHistoria del derecho civil peruano : _bsiglos XIX y XX |
|
| 260 | _c2009 | ||
| 300 |
_a328 páginas : _c21 cm. |
||
| 650 | _aDER | ||
| 654 | _aCDE | ||
| 942 |
_cLIB _dJUS _fJUS _2ddc _n |
||
| 999 |
_c25000 _d25000 |
||